Most Common Birthdays (U.S. Data) - Statistics

General Stats
  • This quiz has been taken 9 times
  • The average score is 4 of 10
Answer Stats
USA Average Daily Births Date % Correct
12,301 September 9th
88%
12,143 September 10th
50%
12,224 September 12th
38%
12,087 September 15th
38%
12,072 September 16th
38%
12,148 September 17th
38%
12,055 September 18th
38%
12,229 September 19th
38%
12,107 September 20th
38%
12,108 July 7th
25%
No matching quizzes found
Score Distribution
Percent of People with Each Score
Percentile by Number Answered
Your Score History
You have not taken this quiz